Thơ ca dân gian trữ tình trên vùng đất Khánh Hoà

Na minha lista:
Detalhes bibliográficos
Autor principal: Trần Việt Kỉnh
Formato: Livro
Idioma:Vietnamese
Publicado em: H. Văn hoá dân tộc 2011
Assuntos:
Tags: Adicionar Tag
Sem tags, seja o primeiro a adicionar uma tag!
Thư viện lưu trữ: Mạng thư viện Đại học Đà Nẵng
LEADER 01207aam a22003378a 4500
001 000015869
003 12253
005 20120605150618.0
008 120605s2011 viesd
020 |d 2000b 
041 0 |a vie 
082 1 4 |2 14  |a 398.20959756  |b TR-K 
100 1 |a Trần Việt Kỉnh 
245 1 0 |a Thơ ca dân gian trữ tình trên vùng đất Khánh Hoà  |c Trần Việt Kỉnh s.t., b.s., giới thiệu 
260 |a H.  |b Văn hoá dân tộc  |c 2011 
300 |a 173tr.  |c 21cm 
500 |a ĐTTS ghi: Hội Văn nghệ dân gian Việt Nam 
650 7 |2 Bộ TK TVQG  |a Văn học dân gian 
651 7 |2 Bộ TK TVQG  |a Khánh Hoà 
651 7 |2 Bộ TK TVQG  |a Việt Nam 
655 7 |2 Bộ TK TVQG  |a Thơ trữ tình 
OWN |a LSP 
AVA |a UDN50  |b LSP  |d 398.20959756 TR-K  |e available  |t Error 5001 Not defined in file expand_doc_bib_avail.  |f 1  |g 0  |h N  |i 0  |k 1 
999 |a From the UDN01 
AVA |a UDN50  |b LSP  |d 398.20959756 TR-K  |e available  |t Error 5001 Not defined in file expand_doc_bib_avail.  |f 1  |g 0  |h N  |i 0  |k 1 
TYP |a Monograph 
TYP |a Printed language 
980 |a Mạng thư viện Đại học Đà Nẵng